000 02132nam a22002177a 4500
001 8540
003 FISKH
005 20250918142303.0
008 250918b cb ||||| |||| 00| 0 eng d
020 _a9781782094487
040 _aFISKH
_beng
_cFISKH
_dFISKH
082 _a500
100 _aGallagher, Belinda
245 _aMini encyclopedia, science /
260 _aEssex :
_bMiles Kelly,
_c2010.
300 _a384 pages :
_bcolor illustrations ;
_c17 cm
520 _aMini Encyclopedia Rocks and Fossils is the mini book crammed with masses of knowledge about rocks, minerals and fossils. This compact, comprehensive children's encyclopedia uses clear, bulleted facts and incredible info panels to explain everything from the formation of rocks to how they change over time and who studies them. Every topic is supported by photographs, realistic artwork and detailed diagrams, and colour-coded sections make navigation through the topics easy and quick. A perfect introduction to rocks and fossils books for kids who want a deeper understanding, Mini Encyclopedia Rocks and Fossils is small enough to slot into school bags, making this a fantastic resource for school projects and homework at late elementary/middle school levels. Chapters and some examples of topics included in Mini Encyclopedia Rocks and Fossils: # Rocks: Igneous rocks, Metamorphic rocks, Limestone, Granite, Coal and Marble# Minerals: Gemstones, Quartz, Opal, Fool's gold, Sapphire and amber# Fossils: Extinction, Evolution, Anthropods, Molluscs, Dinosaurs Incredible facts about rocks and fossils to amaze kids: # Some of the most delicate organic remains that have been fossilized include the feathers of primitive birds, the wings of dragonflies and the leaves of plants.# The first nine minerals on Mohs scale have roughly the same gap between them - that is, corundum is nine times harder than talc. Diamond, however, the tenth mineral on the scale, is 40 times harder than talc.# The oldest rocks to be radiometrically dated are more than 3900 million years old.
650 _aScience & Nature
_vReference
942 _2ddc
_cBK
_n0
999 _c8540
_d8540